[Event "Wroclaw Anderssen Memorial"]
[Site "Wroclaw"]
[Date "2021.07.31"]
[Round "2"]
[White "Zapolski, Krzysztof"]
[Black "Ostrega, Przemyslaw"]
[Result "1-0"]
[WhiteElo "2224"]
[BlackElo "1699"]
[PlyCount "69"]
[EventDate "2021.07.31"]
[EventType "swiss (rapid)"]
[EventRounds "9"]
[EventCountry "POL"]
[SourceTitle "CBM 203 Extra"]
[Source "ChessBase"]
[SourceDate "2021.09.30"]
[SourceVersion "1"]
[SourceVersionDate "2021.09.30"]
[SourceQuality "1"]

1. e4 c5 2. Nf3 Nc6 3. Bb5 e6 4. 0-0 Nf6 5. Nc3 d6 6. d4 cxd4 7. Nxd4 Bd7 8. Be3 Be7 9. Nb3 0-0 10. h3 a6 11. Be2 b5 12. a3 Rc8 13. Bf4 Ne5 14. Bg3 Bc6 15. f3 Bb7 16. Bf2 d5 17. exd5 Nxd5 18. Nxd5 Bxd5 19. Nd4 Bf6 20. c3 Nc4 21. Bxc4 bxc4 22. Re1 Rb8 23. Qc2 Qc7 24. Rad1 Bxd4 25. Bxd4 Rb3 26. Qf2 Qb7 27. Rd2 Rb8 28. Qg3 f6 29. Bxf6 Rf8 30. Rxd5 Rxf6 31. Rd8+ Rf8 32. Rxf8+ Kxf8 33. Rxe6 Rxb2 34. Qf4+ Qf7 35. Qd6+ 1-0

[Event "EU-ch rapid"]
[Site "Wroclaw"]
[Date "2014.12.20"]
[Round "4"]
[White "Djuric, Stefan"]
[Black "Zapolski, Krzysztof"]
[Result "1/2-1/2"]
[WhiteElo "2402"]
[BlackElo "2214"]
[PlyCount "96"]
[EventDate "2014.12.20"]
[EventType "swiss (rapid)"]
[EventRounds "11"]
[EventCountry "POL"]
[SourceTitle "CBM 164 Extra"]
[Source "ChessBase"]
[SourceDate "2015.03.02"]
[SourceVersion "1"]
[SourceVersionDate "2015.03.02"]
[SourceQuality "1"]

1. c4 Nf6 2. Nf3 g6 3. g3 Bg7 4. Bg2 0-0 5. 0-0 c6 6. d4 d5 7. Ne5 Nfd7 8. Nxd7 Nxd7 9. cxd5 cxd5 10. Nc3 Nf6 11. Qb3 e6 12. Bf4 Nh5 13. Be3 b6 14. a4 Ba6 15. Nb5 Qd7 16. Rfc1 Rfc8 17. h3 Bf8 18. Bf3 Nf6 19. Bf4 Ne8 20. e4 dxe4 21. Bxe4 Bb7 22. Bxb7 Qxb7 23. Re1 Nf6 24. Be5 Nd5 25. Qf3 Qd7 26. Nc3 Bg7 27. Nxd5 Qxd5 28. Qxd5 exd5 29. a5 f6 30. axb6 axb6 31. Rxa8 Rxa8 32. Bc7 b5 33. Re3 f5 34. Be5 Ra4 35. b3 Ra1+ 36. Kg2 Rb1 37. h4 Bxe5 38. Rxe5 Rxb3 39. Rxd5 Rb2 40. h5 Kg7 41. Rd7+ Kh6 42. hxg6 hxg6 43. d5 b4 44. d6 b3 45. Rb7 Rd2 46. Rxb3 Rxd6 47. Rb7 Kg5 48. Rh7 Kf6 1/2-1/2

[Event "Rewal op-A 14th"]
[Site "Rewal"]
[Date "2009.08.22"]
[Round "3"]
[White "Puczylowski, Marcin"]
[Black "Zapolski, Krzysztof"]
[Result "1/2-1/2"]
[WhiteElo "2017"]
[BlackElo "2244"]
[PlyCount "86"]
[EventDate "2009.08.19"]
[EventType "swiss"]
[EventRounds "9"]
[EventCountry "POL"]
[SourceTitle "CBM 131 Extra"]
[Source "ChessBase"]
[SourceDate "2009.09.03"]
[SourceVersion "2"]
[SourceVersionDate "2009.09.16"]
[SourceQuality "1"]

1. d4 d5 2. c4 Nc6 3. Nc3 dxc4 4. Nf3 Bg4 5. d5 Nb8 6. Ne5 Nf6 7. Bg5 Nbd7 8. Qa4 a6 9. Bxf6 b5 10. Nxb5 axb5 11. Qxb5 exf6 12. Nxg4 Rb8 13. Qa6 Rxb2 14. a3 Nb6 15. e4 Qe7 16. f3 f5 17. Nf2 fxe4 18. Nxe4 f5 19. d6 cxd6 20. 0-0-0 Qe5 21. f4 Qb5 22. Qxb5+ Rxb5 23. Nxd6+ Bxd6 24. Rxd6 Ke7 25. Rd4 Ra8 26. Kc2 Rxa3 27. Bxc4 Nxc4 28. Rxc4 Ra2+ 29. Kc3 Rxg2 30. Re1+ Kd6 31. Re8 Kd7 32. Rec8 Rb7 33. R8c5 g6 34. Re5 Rxh2 35. Rd4+ Kc8 36. Re8+ Kc7 37. Re7+ Kb8 38. Re8+ Ka7 39. Ra4+ Kb6 40. Re6+ Kc7 41. Re7+ Kb8 42. Re8+ Kc7 43. Re7+ Kb8 1/2-1/2

[Event "Warsaw Najdorf Memorial op-A"]
[Site "Warsaw"]
[Date "2008.08.07"]
[Round "6"]
[White "Barwinski, Dionizy"]
[Black "Zapolski, Krzysztof"]
[Result "1/2-1/2"]
[WhiteElo "2183"]
[BlackElo "2257"]
[PlyCount "102"]
[EventDate "2008.08.02"]
[EventType "swiss"]
[EventRounds "9"]
[EventCountry "POL"]
[SourceTitle "CBM 125 Extra"]
[Source "ChessBase"]
[SourceDate "2008.09.01"]
[SourceVersion "1"]
[SourceVersionDate "2008.09.01"]
[SourceQuality "1"]

1. d4 Nf6 2. c4 g6 3. Nc3 Bg7 4. Nf3 0-0 5. g3 d6 6. Bg2 c5 7. d5 e6 8. 0-0 exd5 9. cxd5 Na6 10. Nd2 Nc7 11. a4 b6 12. Nc4 Ba6 13. Na3 Qd7 14. Re1 Rfe8 15. h3 Nh5 16. e4 f5 17. exf5 Rxe1+ 18. Qxe1 gxf5 19. Qd1 Qf7 20. Bf3 Nf6 21. Bf4 Qd7 22. Kg2 Re8 23. Qc2 Ne4 24. Nxe4 fxe4 25. Bxe4 Bxb2 26. Ra2 Bxa3 27. Rxa3 Bb7 28. Kh2 Bxd5 29. Bf5 Re1 30. g4 Qe7 31. g5 Re2 32. Re3 Rxe3 33. fxe3 Ne6 34. Bxe6+ Qxe6 35. Kg3 Bb3 36. Qd2 Bxa4 37. Bxd6 Bd7 38. Bf4 Qxh3+ 39. Kf2 Qe6 40. Qc3 a5 41. Ke1 a4 42. Be5 Qb3 43. Qd2 Qb1+ 44. Ke2 Bb5+ 45. Kf2 Qf1+ 46. Kg3 Qg1+ 47. Kh4 Qh1+ 48. Kg3 Qc6 49. Qd8+ Kf7 50. Kf4 a3 51. Bd6 Qe8 1/2-1/2

[Event "Warsaw Najdorf Memorial op-A"]
[Site "Warsaw"]
[Date "2008.08.05"]
[Round "4"]
[White "Przybylski, Wojciech"]
[Black "Zapolski, Krzysztof"]
[Result "1-0"]
[WhiteElo "2363"]
[BlackElo "2257"]
[PlyCount "45"]
[EventDate "2008.08.02"]
[EventType "swiss"]
[EventRounds "9"]
[EventCountry "POL"]
[SourceTitle "CBM 125 Extra"]
[Source "ChessBase"]
[SourceDate "2008.09.01"]
[SourceVersion "1"]
[SourceVersionDate "2008.09.01"]
[SourceQuality "1"]

1. e4 c5 2. Nf3 Nc6 3. d4 cxd4 4. Nxd4 g6 5. c4 Bg7 6. Be3 Nf6 7. Nc3 Ng4 8. Qxg4 Nxd4 9. Qd1 Ne6 10. Rc1 Qa5 11. Bd3 Nc5 12. 0-0 Nxd3 13. Qxd3 Bxc3 14. Rxc3 d6 15. c5 Be6 16. cxd6 Rd8 17. Rc5 Qxa2 18. Qc3 f6 19. dxe7 Kxe7 20. Bd4 Rhf8 21. Rc7+ Ke8 22. Bxf6 Rd7 23. Bg5 1-0

[Event "Przelazy op"]
[Site "Przelazy"]
[Date "2008.03.19"]
[Round "9"]
[White "Pietruszewski, Marcin"]
[Black "Zapolski, Krzysztof"]
[Result "0-1"]
[WhiteElo "1886"]
[BlackElo "2218"]
[PlyCount "80"]
[EventDate "2008.03.14"]
[EventType "swiss"]
[EventRounds "9"]
[EventCountry "POL"]
[SourceTitle "EXT 2010"]
[Source "ChessBase"]
[SourceDate "2010.11.25"]
[SourceVersion "1"]
[SourceVersionDate "2010.11.25"]
[SourceQuality "1"]

1. e4 c5 2. Nf3 d6 3. d4 Nf6 4. Nc3 cxd4 5. Nxd4 g6 6. f3 Bg7 7. Be3 0-0 8. Qd2 Nc6 9. 0-0-0 d5 10. exd5 Nxd5 11. Nxc6 bxc6 12. Bd4 e5 13. Bc5 Re8 14. Bc4 Be6 15. Rhe1 Qh4 16. Re4 Qxh2 17. Qf2 Qh6+ 18. Kb1 Nxc3+ 19. bxc3 Bxc4 20. Rxc4 Rab8+ 21. Rb4 a5 22. Rb3 Qf4 23. Bd6 Rbd8 24. Rd3 Bh6 25. Qe1 Qc4 26. Qe4 Qxe4 27. fxe4 f5 28. Bc7 Rc8 29. Rd7 fxe4 30. Bxa5 e3 31. c4 e2 32. Kb2 Rcd8 33. Rxd8 Rxd8 34. Rd3 Rb8+ 35. Rb3 Ra8 36. Be1 e4 37. Rh3 Bg5 38. g4 Rb8+ 39. Ka1 Rd8 40. Rh1 Rd1+ 0-1

[Event "Przelazy op"]
[Site "Przelazy"]
[Date "2008.03.18"]
[Round "8"]
[White "Zapolski, Krzysztof"]
[Black "Majkowski, Andrzej"]
[Result "1-0"]
[WhiteElo "2218"]
[BlackElo "2002"]
[PlyCount "58"]
[EventDate "2008.03.14"]
[EventType "swiss"]
[EventRounds "9"]
[EventCountry "POL"]
[SourceTitle "EXT 2010"]
[Source "ChessBase"]
[SourceDate "2010.11.25"]
[SourceVersion "1"]
[SourceVersionDate "2010.11.25"]
[SourceQuality "1"]

1. e4 c5 2. Nf3 d6 3. c3 a6 4. Be2 Nc6 5. d4 cxd4 6. cxd4 Nf6 7. 0-0 e6 8. Nc3 Be7 9. h3 0-0 10. Be3 b5 11. d5 exd5 12. Nxd5 Nxd5 13. exd5 Nb8 14. Nd4 Bf6 15. Rc1 Bb7 16. Nc6 Qc7 17. Qd2 Re8 18. Na5 Qe7 19. Bg4 g6 20. Rfe1 h5 21. Bd4 Be5 22. Bxe5 dxe5 23. d6 Qf8 24. d7 Nxd7 25. Bxd7 Bc8 26. Bxe8 Qxe8 27. Qd5 Be6 28. Qxe5 Rd8 29. Nc6 Qe7 1-0

[Event "Przelazy op"]
[Site "Przelazy"]
[Date "2008.03.17"]
[Round "6"]
[White "Rudnicki, Milosz"]
[Black "Zapolski, Krzysztof"]
[Result "0-1"]
[WhiteElo "2188"]
[BlackElo "2218"]
[PlyCount "28"]
[EventDate "2008.03.14"]
[EventType "swiss"]
[EventRounds "9"]
[EventCountry "POL"]
[SourceTitle "EXT 2010"]
[Source "ChessBase"]
[SourceDate "2010.11.25"]
[SourceVersion "1"]
[SourceVersionDate "2010.11.25"]
[SourceQuality "1"]

1. e4 c5 2. Nf3 d6 3. d4 cxd4 4. Nxd4 Nf6 5. Nc3 g6 6. Be3 Bg7 7. f3 0-0 8. Qd2 Nc6 9. Bc4 Nd7 10. 0-0-0 Nb6 11. Bb3 Na5 12. Bh6 Nbc4 13. Qg5 e5 14. Nde2 Bf6 0-1

[Event "Przelazy op"]
[Site "Przelazy"]
[Date "2008.03.15"]
[Round "4"]
[White "Korosciel, Aneta"]
[Black "Zapolski, Krzysztof"]
[Result "1/2-1/2"]
[WhiteElo "2046"]
[BlackElo "2218"]
[PlyCount "75"]
[EventDate "2008.03.14"]
[EventType "swiss"]
[EventRounds "9"]
[EventCountry "POL"]
[SourceTitle "EXT 2010"]
[Source "ChessBase"]
[SourceDate "2010.11.25"]
[SourceVersion "1"]
[SourceVersionDate "2010.11.25"]
[SourceQuality "1"]

1. e4 c5 2. Nf3 Nc6 3. Bb5 g6 4. 0-0 Bg7 5. c3 Nf6 6. Re1 0-0 7. e5 Nd5 8. d4 cxd4 9. cxd4 d6 10. Nc3 Nxc3 11. bxc3 Bg4 12. exd6 Qxd6 13. a4 Bf6 14. h3 Bxf3 15. Qxf3 Rac8 16. Ba3 Qd8 17. Rab1 Na5 18. Qe3 a6 19. Bf1 Qd7 20. Bc5 Rfe8 21. Be2 e6 22. Bf3 Be7 23. Bxe7 Rxe7 24. Qg5 Nc6 25. Rb6 Rc7 26. Bxc6 Rxc6 27. Rxc6 bxc6 28. Rb1 Re8 29. Qa5 Ra8 30. Rb6 Qd5 31. Qc5 Rc8 32. Rxa6 Qe4 33. Qe5 Qd3 34. Qa5 Qd1+ 35. Kh2 Qd2 36. Ra8 Qf4+ 37. Kg1 Qc1+ 38. Kh2 1/2-1/2

[Event "Przelazy op"]
[Site "Przelazy"]
[Date "2008.03.14"]
[Round "1"]
[White "Zapolski, Krzysztof"]
[Black "Kowalczyk, Henryk"]
[Result "1-0"]
[WhiteElo "2218"]
[BlackElo "1792"]
[PlyCount "51"]
[EventDate "2008.03.14"]
[EventType "swiss"]
[EventRounds "9"]
[EventCountry "POL"]
[SourceTitle "EXT 2010"]
[Source "ChessBase"]
[SourceDate "2010.11.25"]
[SourceVersion "1"]
[SourceVersionDate "2010.11.25"]
[SourceQuality "1"]

1. e4 c5 2. Nf3 Nc6 3. Bb5 g6 4. 0-0 Bg7 5. Bxc6 bxc6 6. c3 Nf6 7. e5 Nd5 8. d4 cxd4 9. cxd4 0-0 10. Nc3 Nxc3 11. bxc3 d5 12. Qa4 Bd7 13. Qa3 h6 14. Bd2 Kh7 15. Rfb1 Re8 16. Rb7 a5 17. Rab1 e6 18. Qd6 Bc8 19. Rxf7 Qxd6 20. exd6 Rd8 21. Bf4 Kg8 22. Rc7 g5 23. Be5 Bxe5 24. dxe5 Bd7 25. Rbb7 Rab8 26. Rxd7 1-0

[Event "POL-chT U19 2nd League"]
[Site "Lublin"]
[Date "2007.07.12"]
[Round "8"]
[White "Zapolski, Krzysztof"]
[Black "Klekowski, Maciej"]
[Result "1/2-1/2"]
[WhiteElo "2234"]
[BlackElo "2118"]
[PlyCount "30"]
[EventDate "2007.07.07"]
[EventType "team-swiss"]
[EventRounds "11"]
[EventCountry "POL"]
[SourceTitle "EXT 2010"]
[Source "ChessBase"]
[SourceDate "2010.11.25"]
[SourceVersion "1"]
[SourceVersionDate "2010.11.25"]
[SourceQuality "1"]
[WhiteTeam "Plock Stowarzyszenie"]
[BlackTeam "Czestochowa UKS Hetman U19"]
[WhiteTeamCountry "POL"]
[BlackTeamCountry "POL"]

1. e4 c5 2. Nf3 Nc6 3. Bb5 Qb6 4. Nc3 e6 5. Bxc6 Qxc6 6. d4 a6 7. d5 Qc7 8. e5 b5 9. dxe6 fxe6 10. Qe2 Bb7 11. Bf4 Ne7 12. Ne4 Ng6 13. Bg3 Qc6 14. Neg5 Be7 15. 0-0-0 0-0-0 1/2-1/2

[Event "POL-chT U19 2nd League"]
[Site "Lublin"]
[Date "2007.07.11"]
[Round "6"]
[White "Zapolski, Krzysztof"]
[Black "Marcinowski, Zbigniew"]
[Result "1-0"]
[WhiteElo "2234"]
[BlackElo "2096"]
[PlyCount "119"]
[EventDate "2007.07.07"]
[EventType "team-swiss"]
[EventRounds "11"]
[EventCountry "POL"]
[SourceTitle "EXT 2010"]
[Source "ChessBase"]
[SourceDate "2010.11.25"]
[SourceVersion "1"]
[SourceVersionDate "2010.11.25"]
[SourceQuality "1"]
[WhiteTeam "Plock Stowarzyszenie"]
[BlackTeam "Jastrzebie Zdroj Pionier U19"]
[WhiteTeamCountry "POL"]
[BlackTeamCountry "POL"]

1. Nf3 Nf6 2. g3 g6 3. Bg2 Bg7 4. 0-0 0-0 5. d4 d6 6. c4 Nbd7 7. Nc3 Ne8 8. Be3 h6 9. Qd2 Kh7 10. d5 f5 11. h3 Ne5 12. b3 Nxf3+ 13. Bxf3 Nf6 14. Rac1 Qd7 15. Bg2 c5 16. f4 Rg8 17. Bf2 Bh8 18. e4 g5 19. e5 Nh5 20. Qe2 Qe8 21. exd6 exd6 22. Qxe8 Rxe8 23. Bf3 Kg6 24. Nb5 Rd8 25. Rce1 Bf6 26. Nc7 Rb8 27. Ne8 Ng7 28. Nxf6 Kxf6 29. fxg5+ hxg5 30. h4 g4 31. Be3 Kg6 32. Bd1 b5 33. Bg5 Rd7 34. cxb5 Rxb5 35. Bc2 Rf7 36. Rf4 Kh5 37. Bd3 Rbb7 38. Re3 Rbc7 39. Rf1 Bb7 40. Bc4 a6 41. Re6 Nxe6 42. dxe6 Rfe7 43. Rxf5 Kg6 44. Bd3 Kg7 45. Bf6+ Kg8 46. Rg5+ Kf8 47. Bxe7+ Rxe7 48. Bf5 Bf3 49. h5 Rg7 50. Rxg7 Kxg7 51. e7 Kf7 52. h6 Bc6 53. h7 Kg7 54. Bg6 d5 55. e8Q Bxe8 56. Bxe8 Kxh7 57. Bd7 c4 58. bxc4 dxc4 59. Bxg4 c3 60. Bf5+ 1-0

[Event "POL-chT U19 2nd League"]
[Site "Lublin"]
[Date "2007.07.08"]
[Round "2"]
[White "Sycz, Michal"]
[Black "Zapolski, Krzysztof"]
[Result "1/2-1/2"]
[WhiteElo "1999"]
[BlackElo "2234"]
[PlyCount "37"]
[EventDate "2007.07.07"]
[EventType "team-swiss"]
[EventRounds "11"]
[EventCountry "POL"]
[SourceTitle "EXT 2010"]
[Source "ChessBase"]
[SourceDate "2010.11.25"]
[SourceVersion "1"]
[SourceVersionDate "2010.11.25"]
[SourceQuality "1"]
[WhiteTeam "Brzozow LKS Brzozowia MOSiR U19"]
[BlackTeam "Plock Stowarzyszenie"]
[WhiteTeamCountry "POL"]
[BlackTeamCountry "POL"]

1. d4 d5 2. c4 Nc6 3. Nc3 dxc4 4. d5 Ne5 5. e4 e6 6. Nf3 Nd3+ 7. Bxd3 cxd3 8. Qxd3 exd5 9. 0-0 d4 10. Qxd4 Qxd4 11. Nxd4 c6 12. Bf4 Ne7 13. Ndb5 cxb5 14. Nxb5 Ng6 15. Nc7+ Kd8 16. Bg3 Rb8 17. Nd5 Ra8 18. Nc7 Rb8 19. Nd5 1/2-1/2

[Event "POL-chT U19 2nd League"]
[Site "Lublin"]
[Date "2007.07.07"]
[Round "1"]
[White "Zapolski, Krzysztof"]
[Black "Plonczak, Dominik"]
[Result "1/2-1/2"]
[WhiteElo "2234"]
[BlackElo "2125"]
[PlyCount "80"]
[EventDate "2007.07.07"]
[EventType "team-swiss"]
[EventRounds "11"]
[EventCountry "POL"]
[SourceTitle "EXT 2010"]
[Source "ChessBase"]
[SourceDate "2010.11.25"]
[SourceVersion "1"]
[SourceVersionDate "2010.11.25"]
[SourceQuality "1"]
[WhiteTeam "Plock Stowarzyszenie"]
[BlackTeam "Poznan UMKS Na Pieterku U19 II"]
[WhiteTeamCountry "POL"]
[BlackTeamCountry "POL"]

1. d4 Nf6 2. Nf3 g6 3. g3 Bg7 4. Bg2 0-0 5. 0-0 d6 6. Nc3 Nbd7 7. e4 e5 8. h3 c6 9. Be3 Qc7 10. Qd2 Re8 11. a4 a5 12. Rad1 exd4 13. Nxd4 Nc5 14. f3 b6 15. Nde2 Bf8 16. Bf4 Rd8 17. Bg5 Be7 18. f4 Ba6 19. f5 Rf8 20. Qd4 Bxe2 21. Nxe2 Nfxe4 22. Bxe7 Qxe7 23. Rf4 Rae8 24. Kh2 d5 25. c4 Nd6 26. fxg6 fxg6 27. Rxf8+ Rxf8 28. Nf4 Nf5 29. Qd2 Ne4 30. Nxd5 Qe5 31. Qf4 Qxf4 32. Nxf4 Nexg3 33. Rd3 g5 34. Ne6 Re8 35. Nxg5 h6 36. Nf3 Ne2 37. Rb3 Nf4 38. Bf1 Re3 39. Rxe3 Nxe3 40. Kg3 Nh5+ 1/2-1/2

[Event "POL-ch U18"]
[Site "Leba"]
[Date "2007.03.31"]
[Round "10"]
[White "Zapolski, Krzysztof"]
[Black "Olszewski, Michal"]
[Result "0-1"]
[WhiteElo "2243"]
[BlackElo "2405"]
[PlyCount "48"]
[EventDate "2007.03.24"]
[EventType "swiss"]
[EventRounds "11"]
[EventCountry "POL"]
[SourceTitle "EXT 2011"]
[Source "ChessBase"]
[SourceDate "2010.11.26"]
[SourceVersion "1"]
[SourceVersionDate "2010.11.26"]
[SourceQuality "1"]

1. Nf3 Nf6 2. g3 e6 3. Bg2 b6 4. 0-0 Bb7 5. c4 c5 6. b3 Be7 7. Bb2 0-0 8. Nc3 d6 9. Rc1 Nbd7 10. d4 cxd4 11. Qxd4 a6 12. Rfd1 Rc8 13. Ng5 Bxg2 14. Kxg2 Rc6 15. Nge4 Qa8 16. f3 Rfc8 17. Rd2 b5 18. Nd1 d5 19. Nxf6+ Bxf6 20. Qd3 bxc4 21. bxc4 dxc4 22. Qe4 Bxb2 23. Nxb2 Nf6 24. Qc2 c3 0-1

[Event "POL-ch U18"]
[Site "Leba"]
[Date "2007.03.29"]
[Round "8"]
[White "Zapolski, Krzysztof"]
[Black "Brodowski, Piotr"]
[Result "0-1"]
[WhiteElo "2243"]
[BlackElo "2364"]
[PlyCount "112"]
[EventDate "2007.03.24"]
[EventType "swiss"]
[EventRounds "11"]
[EventCountry "POL"]
[SourceTitle "EXT 2011"]
[Source "ChessBase"]
[SourceDate "2010.11.26"]
[SourceVersion "1"]
[SourceVersionDate "2010.11.26"]
[SourceQuality "1"]

1. e4 c5 2. b3 Nc6 3. Bb2 e5 4. f4 d6 5. Nf3 exf4 6. Bb5 Nge7 7. d4 Qa5+ 8. Nc3 cxd4 9. Nxd4 a6 10. a4 g6 11. Nxc6 bxc6 12. Qd4 Rg8 13. b4 Qc7 14. Bc4 Bg7 15. Qd3 d5 16. Bb3 dxe4 17. Qxe4 Bf5 18. Qe2 f3 19. Qxf3 Qe5+ 20. Kf1 0-0-0 21. Nd5 Qxd5 22. Bxd5 Bxb2 23. Rb1 Rxd5 24. Rxb2 Rgd8 25. g4 Be6 26. c3 Rd3 27. Qe4 Rxc3 28. Rg1 Rc4 29. Qe2 Rdd4 30. Rg3 Nd5 31. Rd2 Rf4+ 32. Rf3 Rxf3+ 33. Qxf3 Rf4 34. Qxf4 Nxf4 35. Rd4 g5 36. h4 h6 37. Kf2 Bxg4 38. Rc4 Kd7 39. hxg5 hxg5 40. Kg3 Be6 41. Rc5 f6 42. b5 axb5 43. axb5 cxb5 44. Rxb5 f5 45. Rb7+ Kd6 46. Rh7 Ke5 47. Kf3 g4+ 48. Kg3 Ne2+ 49. Kf2 Nc3 50. Rg7 Kf4 51. Kg1 Ne4 52. Re7 Bc4 53. Rc7 Be2 54. Rc2 Ke3 55. Ra2 f4 56. Ra3+ Bd3 0-1

[Event "POL-ch U18"]
[Site "Leba"]
[Date "2007.03.27"]
[Round "6"]
[White "Zapolski, Krzysztof"]
[Black "Bronowicki, Mateusz"]
[Result "1/2-1/2"]
[WhiteElo "2243"]
[BlackElo "2324"]
[PlyCount "33"]
[EventDate "2007.03.24"]
[EventType "swiss"]
[EventRounds "11"]
[EventCountry "POL"]
[SourceTitle "EXT 2011"]
[Source "ChessBase"]
[SourceDate "2010.11.26"]
[SourceVersion "1"]
[SourceVersionDate "2010.11.26"]
[SourceQuality "1"]

1. Nf3 Nf6 2. g3 d5 3. Bg2 c6 4. 0-0 Bf5 5. d3 h6 6. c4 e6 7. b3 Be7 8. Bb2 Nbd7 9. Nbd2 0-0 10. a3 a5 11. Rc1 Bh7 12. Qc2 Rc8 13. Qb1 Qb6 14. Qa1 Qa6 15. Bh3 b5 16. cxd5 cxd5 17. Ne5 1/2-1/2

[Event "POL-ch U18"]
[Site "Leba"]
[Date "2007.03.24"]
[Round "1"]
[White "Szelc, Adam"]
[Black "Zapolski, Krzysztof"]
[Result "1/2-1/2"]
[WhiteElo "1989"]
[BlackElo "2243"]
[PlyCount "72"]
[EventDate "2007.03.24"]
[EventType "swiss"]
[EventRounds "11"]
[EventCountry "POL"]
[SourceTitle "EXT 2011"]
[Source "ChessBase"]
[SourceDate "2010.11.26"]
[SourceVersion "1"]
[SourceVersionDate "2010.11.26"]
[SourceQuality "1"]

1. Nf3 Nf6 2. c4 g6 3. Nc3 Bg7 4. e4 d6 5. d4 0-0 6. Be2 e5 7. 0-0 Qe8 8. dxe5 dxe5 9. b4 Qe7 10. Qb3 Rd8 11. Be3 Na6 12. c5 Be6 13. Bc4 Bxc4 14. Qxc4 c6 15. Rfd1 h6 16. h3 Nc7 17. a4 a6 18. Rab1 Kh7 19. b5 axb5 20. axb5 cxb5 21. Nxb5 Nxb5 22. Qxb5 Rxd1+ 23. Rxd1 Rc8 24. Nd2 Bf8 25. Rb1 Rc7 26. Rc1 Qd7 27. Rb1 Bxc5 28. Bxc5 Qxd2 29. Qb6 Ne8 30. Be3 Qd3 31. Ra1 Qxe4 32. Ra8 Re7 33. Qd8 Re6 34. Qd7 Nd6 35. Rf8 Qf5 36. Bc5 Qc2 1/2-1/2

[Event "Rewal op 11th"]
[Site "Rewal"]
[Date "2006.08.28"]
[Round "10"]
[White "Strzemiecki, Zbigniew"]
[Black "Zapolski, Krzysztof"]
[Result "0-1"]
[WhiteElo "2365"]
[BlackElo "2243"]
[PlyCount "70"]
[EventDate "2006.08.21"]
[EventType "swiss"]
[EventRounds "11"]
[EventCountry "POL"]
[SourceTitle "EXT 2010"]
[Source "ChessBase"]
[SourceDate "2010.11.25"]
[SourceVersion "1"]
[SourceVersionDate "2010.11.25"]
[SourceQuality "1"]

1. e4 c5 2. Nf3 a6 3. c4 Nc6 4. Nc3 e5 5. g3 g6 6. d3 Bg7 7. Bg2 Nge7 8. Be3 d6 9. Qd2 Nd4 10. Nd5 Nxd5 11. cxd5 Bh3 12. 0-0 Nxf3+ 13. Bxf3 Bxf1 14. Rxf1 0-0 15. Kg2 f5 16. b3 Qf6 17. Qa5 Rf7 18. b4 cxb4 19. Qxb4 Rc8 20. Qb3 Rfc7 21. a4 Qf7 22. Rb1 h5 23. exf5 Qxf5 24. Be4 Qf6 25. h4 Rc2 26. Qxb7 Bh6 27. Bb6 Rf8 28. Rf1 a5 29. Qd7 Rb2 30. Ba7 Rf7 31. Qc8+ Kg7 32. Qa6 Bd2 33. Kh3 Qe7 34. Bb6 Qd7+ 35. Kg2 Qb7 0-1

[Event "Rewal op 11th"]
[Site "Rewal"]
[Date "2006.08.26"]
[Round "8"]
[White "Ejsmont, Krzysztof"]
[Black "Zapolski, Krzysztof"]
[Result "1-0"]
[WhiteElo "2353"]
[BlackElo "2243"]
[PlyCount "81"]
[EventDate "2006.08.21"]
[EventType "swiss"]
[EventRounds "11"]
[EventCountry "POL"]
[SourceTitle "EXT 2010"]
[Source "ChessBase"]
[SourceDate "2010.11.25"]
[SourceVersion "1"]
[SourceVersionDate "2010.11.25"]
[SourceQuality "1"]

1. e4 c5 2. Nf3 d6 3. d4 cxd4 4. Nxd4 Nf6 5. Nc3 g6 6. Be3 Bg7 7. f3 0-0 8. Qd2 Nc6 9. Bc4 Nd7 10. h4 Nb6 11. Bb3 Na5 12. Qd3 Nxb3 13. axb3 d5 14. Ndb5 a6 15. Bxb6 Qxb6 16. Nxd5 Qd8 17. Nbc3 b5 18. Nxb5 e6 19. Ndc3 Qxd3 20. cxd3 Rb8 21. Nd6 Rxb3 22. 0-0-0 Bd7 23. Kc2 Rfb8 24. Rb1 a5 25. Nc4 a4 26. Ra1 R3b4 27. Ra2 Bb5 28. Nxb5 R8xb5 29. Rha1 Bf6 30. g3 Rb3 31. f4 a3 32. Rxa3 Rxb2+ 33. Nxb2 Rxb2+ 34. Kd1 Rg2 35. Ra8+ Kg7 36. e5 Be7 37. R1a7 Bc5 38. Rd7 Rxg3 39. Rc8 Bb6 40. Rb8 Ba5 41. Rbb7 1-0

[Event "Rewal op 11th"]
[Site "Rewal"]
[Date "2006.08.21"]
[Round "1"]
[White "Kotermanska, Anna"]
[Black "Zapolski, Krzysztof"]
[Result "0-1"]
[WhiteElo "1941"]
[BlackElo "2243"]
[PlyCount "84"]
[EventDate "2006.08.21"]
[EventType "swiss"]
[EventRounds "11"]
[EventCountry "POL"]
[SourceTitle "EXT 2010"]
[Source "ChessBase"]
[SourceDate "2010.11.25"]
[SourceVersion "1"]
[SourceVersionDate "2010.11.25"]
[SourceQuality "1"]

1. e4 c5 2. c3 d5 3. exd5 Qxd5 4. d4 Nf6 5. Nf3 Bg4 6. Be2 e6 7. 0-0 Nc6 8. Na3 cxd4 9. Nb5 Rc8 10. Nbxd4 Bc5 11. Be3 0-0 12. Re1 Rfd8 13. Nxc6 Qxc6 14. Nd4 Qe4 15. Bxg4 Qxg4 16. Qxg4 Nxg4 17. Bg5 Bxd4 18. cxd4 Rxd4 19. f3 Rd5 20. Bh4 Ne5 21. Rad1 Nd3 22. Re3 Nb4 23. Rxd5 Nxd5 24. Rb3 Rc1+ 25. Kf2 Rc2+ 26. Kg3 f6 27. f4 h6 28. Kf3 b6 29. Be1 Kf7 30. h3 g5 31. fxg5 hxg5 32. g3 Kg6 33. Bf2 f5 34. h4 e5 35. Kg2 e4 36. Kf1 gxh4 37. gxh4 f4 38. Rb5 e3 39. h5+ Kh6 40. Rxd5 Rxf2+ 41. Ke1 Rxb2 42. Rf5 Rxa2 0-1

[Event "Rewal op 11th"]
[Site "Rewal"]
[Date "2006.08.21"]
[Round "2"]
[White "Zapolski, Krzysztof"]
[Black "Teterev, Vitaly"]
[Result "1-0"]
[WhiteElo "2243"]
[BlackElo "2518"]
[PlyCount "61"]
[EventDate "2006.08.21"]
[EventType "swiss"]
[EventRounds "11"]
[EventCountry "POL"]
[SourceTitle "EXT 2010"]
[Source "ChessBase"]
[SourceDate "2010.11.25"]
[SourceVersion "1"]
[SourceVersionDate "2010.11.25"]
[SourceQuality "1"]

1. e4 c5 2. Nc3 Nc6 3. Nf3 e6 4. d4 cxd4 5. Nxd4 Qc7 6. Be3 a6 7. Qd2 Nf6 8. 0-0-0 Bb4 9. f3 Ne5 10. Nb3 b5 11. Qf2 Rb8 12. Bd4 Nc6 13. Bc5 Bxc5 14. Qxc5 b4 15. Nd5 exd5 16. exd5 Qf4+ 17. Kb1 Ne7 18. Re1 d6 19. Qc7 Nd7 20. Na5 0-0 21. Rxe7 b3 22. axb3 Qg5 23. Nc6 Ra8 24. Qxd6 Qd2 25. Bd3 Qxg2 26. Rhe1 Nf6 27. R7e2 Qxf3 28. Ne7+ Kh8 29. Ng6+ hxg6 30. Qxf8+ Kh7 31. Qxf7 1-0